Geography Quiz

Random Geography or City Quiz

Italian Cities: North or South of Rome Quiz Stats

 Plays Quiz Updated May 31, 2018

Score 0/18 Timer 03:00
13 Plays Today
Question Answer Wrong Answers
Milan North
92.2%
South
4.4%
Venice North
89.7%
South
6.9%
Turin North
89.5%
South
7%
Florence North
89.1%
South
7.6%
Naples South
85.1%
North
11.6%
Palermo South
84.7%
North
12.1%
Genoa North
83.2%
South
12.7%
Bologna North
83.1%
South
13.7%
Pisa North
82.1%
South
13.9%
Bari South
80.1%
North
16.3%
Catania South
79.7%
North
16.2%
Cagliari South
77.5%
North
19%
Trieste North
73.4%
South
22.5%
Lecce South
66%
North
30.6%
Parma North
63.9%
South
32.9%
Foggia South
63.5%
North
32.3%
Udine North
58.6%
South
37.3%
Pescara North
35.6%
South
61.1%

You're not logged in!

Compare scores with friends on all Sporcle quizzes.
OR
Log In

Sporcle TV

Today on Sporcle TV


Watch our educational content, quiz creation guides, and fun videos on Sporcle TV.

Show Comments

Extras

Top Quizzes Today


Score Distribution

Your Account Isn't Verified!

In order to create a playlist on Sporcle, you need to verify the email address you used during registration. Go to your Sporcle Settings to finish the process.

Report this User

Report this user for behavior that violates our Community Guidelines.

Details: